000 00752nam a2200265 i 4500
001 C2-0292147
003 PPAK
005 20180728024233.0
008 081126s2009 my a|||| ||||| | may d
020 _a9789673032570
040 _aPPAK
_beng
_cPPAK
_erda
082 0 4 _a499.2386
_223
090 0 0 _a499.2386
_bRAI
_dK
100 0 _aRais. I,
_eauthor
245 1 0 _aAsrama Seri Puteri
264 1 _aShah Alam, Selangor :
_bMarshall Cavendish ,
_c2009
300 _a80 pages :
_billustrations ;
_c21 cm
336 _2rdacontent
_atext
337 _2rdamedia
_aunmediated
338 _2rdacarrier
_avolume
490 1 _aSiri bacaan permata delima
650 1 0 _aBahasa Malaysia - Readers.
830 0 _aSiri bacaan permata delima
942 _ddc
_cB
999 _c97098
_d97098